French Style

Gespeichert in:
Bibliographische Detailangaben
Hauptverfasser: Cliff, Stafford (Verfasst von), Slesin, Suzanne (Verfasst von), Dirand, Jacques (Verfasst von)
Format: Buch
Sprache:Englisch
Veröffentlicht: London : Thames and Hudson, 1990
Ausgabe:6.vyd.
Schlagworte:
Tags: Tag hinzufügen
Keine Tags, Fügen Sie das erste Tag hinzu!

MARC

LEADER 00000nam a22000003a 4500
001 stu11488
005 20150617225801.1
008 950426s1990----uk------------------eng-d
040 |a STU  |b slo 
041 0 |a eng 
044 |a uk 
100 1 |a Cliff, Stafford  |4 aut 
245 1 |a French Style  
250 |a 6.vyd. 
260 |a London :  |b Thames and Hudson,  |c 1990 
300 |a 287 s 
650 7 |a interiér  |2 stusub 
700 1 |a Slesin, Suzanne  |4 aut 
700 1 |a Dirand, Jacques  |4 aut 
996 |b 284AU02136  |c A*2400 U  |l AAKNAR  |s A  |a 24  |w stu11488_0001